| 000 | 00441cam a22001217a 4500 | ||
|---|---|---|---|
| 008 | 180718b-- xxu||||| |||| 00| 0 eng d | ||
| 082 | _aL906x5411 C | ||
| 245 | _aReport of the Comptroller and Auditor General of India, Assam (Civil) | ||
| 260 |
_aGuwahati _bComptroller and Auditor General of India _c-- |
||
| 500 | _aLibrary has 1991/92-2010/11 | ||
| 650 | _aAuditing - India - Assam | ||
| 700 | _aAssam. Comptroller and Auditor General of India | ||
| 999 |
_c485346 _d485346 |
||